000 00879nam a2200253Ia 4500
003 OSt
005 20221005113024.0
006 a|||||r|||| 00| 0
007 ta
008 221004b |||||||| |||| 00| 0 pan d
020 _a9788171165803
_c395
024 _a80612
037 _b567, 02/02/2012, H.K. Prakashan
_cTextual
040 _aCRL
_cCRL
_bpan
041 _2pan
_apan
082 _aNT44wN37, 153Q2
100 _aਰਵਿੰਦਰ ਰਵੀ, ਥਦ।
245 0 _aਮੇਰਾ ਥੀਏਟਰ ਤੇ ਇੱਕੀਵੀ੍ਵ ਸਦੀ
260 _aਦਿੱਲੀ
_bਨੈਨਲ ਬੁਕ ਾਪ ਭਾਰਤ
_c2012
300 _a256ਪੰ
_ccm.
650 _aਵਧੀਆ ਕਲਾ
_9156314
942 _hNT44wN37, 153Q2
_cTEXL
_2cc
999 _c1026795
_d1026795